000 00808nam a2200253 i 4500
001 bg
100 1 _aKURYŁOWICZ, Ewa
245 1 0 _aProjektowanie uniwersalne :
_budostępnianie otoczenia osobom niepełnosprawnym /
_cEwa Kuryłowicz.
260 _aWarszawa :
_bCentrum Badawczo-Rozwojowe Rehabilitacji Osób Niepełnosprawnych,
_c1996.
300 _a155 s. :
_bfot., rys. ;
_c30 cm.
490 1 _aVademecum Rehabilitacji
504 _aBibliogr. s. 153-155.
650 9 _aInwalidzi
650 9 _aProjektowanie
_xzagadnienia
650 9 _aArchitektura
_xprojekty
_xzagadnienia
830 _aVademecum Rehabilitacji
020 _a8390168340
040 _cBPK
041 0 _apl
080 _a72.01/.02-056.266
920 _a83-901683-4-0
942 _cKS
008 s pl f |000 0 pol
999 _c30985
_d30985
856 _uhttp://koha.tu.koszalin.pl/cgi-bin/koha/opac-detail.pl?biblionumber=30985
_yKatalog online BPK